| 000 | 01238nam2a2200229 4500 | ||
|---|---|---|---|
| 001 | rc\3039883 | ||
| 005 | 20260315065516.0 | ||
| 035 | _a(NLR Aleph) 007180220 | ||
| 090 |
_a13622744 _c13622744 |
||
| 100 | _a20111005d1940 u y0rusy50 ca | ||
| 101 | 0 | _arus | |
| 102 | _aRU | ||
| 105 | _aa z ||||| | ||
| 200 | 0 | _aЗадание 2 | |
| 210 | _d1940 | ||
| 215 |
_a84 с. _cтабл., черт., граф. |
||
| 461 | 0 |
_1001rc\3039882 _12000#$aУчебное пособие по электротехнике$fСост. Б.В. Степанов$gПод ред. К.А. Ломагина$gКом. по делам кинематографии при СНК СССР. Упр. учеб. заведениями. Центр. курсы заоч. обуч. механиков звукового кино$vЗадание 2 _97434160 _aЦентральные курсы заочного обучения механиков звукового кино (Ленинград) _cМосква _d1940 _fСост. Б.В. Степанов _nГоскиноиздат _tУчебное пособие по электротехнике _vЗадание 2 |
|
| 801 | 0 |
_aRU _bNLR _gpsbo |
|
| 801 | 1 |
_aRU _bELAR _2rusmarc |
|
| 852 |
_aNLR _j40-17/470 |
||
| 942 | _cUNSPEC | ||
| 980 | _aNB | ||